Wonders of the World - Statistics

General Stats
  • This quiz has been taken 56 times
  • The average score is 9 of 15
Answer Stats
Hint Date/Area Answer % Correct
3) 13,000 mile long fortification builtto defend China from invasion c 220 BC, China Great Wall
94%
7) Famous amphitheater known for its Roman gladiator fights 72 AD, Rome Colosseum
88%
6) Famous Incan citadel set almost 8,000 ftin the Andes c 1420 AD, Peru Machu Picchu
87%
4) Massive Jesus statue atopCorcovado mountain 1931, Rio De Janeiro Christ the Redeemer
83%
2) White marble mausoleumthat emperor Shah Jahan built to honor his wife 1631, Agra Taj Mahal
79%
13) The worlds largest reef system eastern Australia Great Barrier Reef
69%
12) Massive gorge carved by the Colorado river Arizona Grand Canyon
67%
8) Ancient Nabataean city constructed intored sandstone cliffs in the desert e 312 BC, Jordan Petra
65%
1) Famous Mayan citadel complex 455 AD, Cancun Chichen Itza
56%
14) Known as one of the worlds largest waterfalls,it has a 100 meter drop into the river Zambezi river Victoria Falls
54%
11) Supposedly built by King Nebuchadnezzar II,their existence was never proven in archaeology c 600 BC, Iraq Hanging Gardens of Babylon
50%
10) Built on Pharos island outside the city,it stood protecting the harbor until 956 AD c 280 BC, Egypt Lighthouse of Alexandria
42%
5) Constructed for the pharaoh Khufu,it remains the only ancient wonder still standing c 2600 BC, Egypt Great Pyramid of Giza
40%
9) Ruins of this ancient temple honor the Greek goddess of the wilderness c 550 BC, Ephesus Artemis
23%
15) Cone volcano that supposedly rose froma cornfield in 1943 in Mexico Michoacán Paricutin
6%
No matching quizzes found
Score Distribution
Percent of People with Each Score
Percentile by Number Answered
Your Score History
You have not taken this quiz